书目信息 |
| 题名: |
南宋临安工商业
|
|
| 作者: | 徐吉军 著 | |
| 分册: | ||
| 出版信息: | 北京 人民出版社 2009.12 |
|
| 页数: | 40,457页 | |
| 开本: | 24cm | |
| 丛书名: | 南宋史研究丛书 | |
| 单 册: | ||
| 中图分类: | F429.044.2 , F729.442 | |
| 科图分类: | ||
| 主题词: | 工业经济--经济史--研究--临安(历史地名)--南宋 , 商业经济--经济史--研究--临安(历史地名)--南宋 , 工业经济 , 经济史 , 商业经济 | |
| 电子资源: | ||
| ISBN: | 978-7-01-008449-7 | |
| 000 | 01151oam2 2200325 450 | |
| 001 | 012004425014 | |
| 005 | 20120619083846.35 | |
| 010 | @a978-7-01-008449-7@dCNY80.00 | |
| 100 | @a20100209d2009 em y0chiy0110 ea | |
| 101 | 0 | @achi |
| 102 | @aCN@b110000 | |
| 105 | @ay z 000yy | |
| 106 | @ar | |
| 200 | 1 | @a南宋临安工商业@9nan song lin an gong shang ye@f徐吉军著 |
| 210 | @a北京@c人民出版社@d2009.12 | |
| 215 | @a40,457页@d24cm | |
| 225 | 2 | @a南宋史研究丛书 |
| 300 | @a国家“十一五”重点图书出版规划项目 杭州市社会科学院重大课题 | |
| 330 | @a本书重点研究南宋时期临安工商业的发展。全书分手工业和商业两编,“手工业”涉及印刷业、丝织业、陶瓷业、酿酒业、造船业等,“商业”涉及市场、店铺和流动摊点、娱乐业和服务业、物价与商税等。 | |
| 461 | 0 | @12001 @a南宋史研究丛书 |
| 606 | 0 | @a工业经济@x经济史@x研究@y临安(历史地名)@z南宋 |
| 606 | 0 | @a商业经济@x经济史@x研究@y临安(历史地名)@z南宋 |
| 606 | 0 | @a工业经济 |
| 606 | 0 | @a经济史 |
| 606 | 0 | @a商业经济 |
| 690 | @aF429.044.2@v4 | |
| 690 | @aF729.442@v4 | |
| 701 | 0 | @a徐吉军@9xu ji jun@f(1961~)@4著 |
| 801 | 0 | @aCN@bNLC@c20100209 |
| 905 | @b540623@b539194-97@dF429.044.2@e116@f5 | |
| 南宋临安工商业/徐吉军著.-北京:人民出版社,2009.12 |
| 40,457页;24cm.-(南宋史研究丛书) |
| 国家“十一五”重点图书出版规划项目 杭州市社会科学院重大课题 |
| ISBN 978-7-01-008449-7:CNY80.00 |
| 本书重点研究南宋时期临安工商业的发展。全书分手工业和商业两编,“手工业”涉及印刷业、丝织业、陶瓷业、酿酒业、造船业等,“商业”涉及市场、店铺和流动摊点、娱乐业和服务业、物价与商税等。 |
| ● |
| 相关链接 |
|
|
|
|
正题名:南宋临安工商业
索取号:F429.044.2/116
 
预约/预借
| 序号 | 登录号 | 条形码 | 馆藏地/架位号 | 状态 | 备注 |
| 1 | 539194 | 205391949 | 第一借阅区/ [索取号:F429.044.2/116] | 在馆 | |
| 2 | 539195 | 205391958 | 第一借阅区/ [索取号:F429.044.2/116] | 在馆 | |
| 3 | 539196 | 205391967 | 第一借阅区/ [索取号:F429.044.2/116] | 在馆 | |
| 4 | 539197 | 205391976 | 第一借阅区/ [索取号:F429.044.2/116] | 在馆 | |
| 5 | 540623 | 205406238 | 第一样本阅览室/ [索取号:F429.044.2/116] | 在馆 |